000 00699cam a2200181 a 4500
020 _a0415038707
040 _cDLC
082 0 0 _a338 ROU 1990 A011 Or.
245 0 0 _aCommunist agriculture :
_bfarming in the Soviet Union and Eastern Europe /
260 _aLondon ;
_aNew York :
_bRoutledge,
_c1990.
300 _axviii, 331 p. :
_bill. ;
_c23 cm.
500 _aSelected papers from the Eighth International Conference on Soviet and East European Agricultural Affairs, held Aug. 8-10, 1988, at the University of California at Berkeley.
650 0 _aCommunism and agriculture
650 0 _aAgriculture and state
650 0 _aAgriculture and state
700 1 _aWädekin, Karl Eugen.
942 _cEK
999 _c13369
_d13369